El aprender : (Record no. 3911)

MARC details
000 -CABECERA
campo de control de longitud fija 00611nam a2200205 a 4500
005 - FECHA Y HORA DE LA ÚLTIMA TRANSACCIÓN
campo de control 20240925064853.0
008 - ELEMENTOS DE LONGITUD FIJA--INFORMACIÓN GENERAL
campo de control de longitud fija 991125s1975 es 000 0 spa u
020 ## - NÚMERO INTERNACIONAL NORMALIZADO PARA LIBROS
Número Internacional Estándar del Libro 8425404665
035 ## - NÚMERO DE CONTROL DEL SISTEMA
Número de control de sistema UPN01000003911
049 ## - COLECCIÓN
Colección CG
050 #4 - SIGNATURA TOPOGRÁFICA DE LA BIBLIOTECA DEL CONGRESO
Número de clasificación LB1065
Número de documento/Ítem C6.28 1975
100 1# - ASIENTO PRINCIPAL--NOMBRE PERSONAL
Nombre de persona Correll, Werner
245 13 - MENCIÓN DE TÍTULO
Título El aprender :
Resto del título fundamentos psicológicos y problemática /
Mención de responsabilidad, etc. Werner Correll ; tr. Alejandro Esteban Laton Ros.
250 ## - MENCIÓN DE EDICIÓN
Mención de edición 2a ed.
260 ## - PUBLICACIÓN, DISTRIBUCIÓN, ETC.
Lugar de publicación, distribución, etc. Barcelona, Esp. :
Nombre del editor, distribuidor, etc. Herder,
Fecha de publicación, distribución, etc. 1975.
300 ## - DESCRIPCIÓN FÍSICA
Extensión 310 p.
650 #4 - ASIENTO SECUNDARIO DE MATERIA - TERMINO TEMATICO
Término de materia o nombre geográfico como elemento de entrada Psicología del aprendizaje
9 (RLIN) 5221
650 #4 - ASIENTO SECUNDARIO DE MATERIA - TERMINO TEMATICO
Término de materia o nombre geográfico como elemento de entrada Psicopedagogía
9 (RLIN) 5085
905 ## - TIPO DE MATERIAL
Tipo de material Libro
Holdings
Estado de retiro Estado de pérdida Fuente del sistema de clasificación o colocación Estado dañado No para préstamo Código de colección Localización permanente Ubicación/localización actual Ubicación en estantería Total de préstamos Clasificación Código de barras Fecha visto por última vez Número de copia Tipo de ítem Koha Fecha de adquisición Renovaciones totales En préstamo Fecha del último préstamo
    Library of Congress Classification     Colección General Bib. Gregorio Torres Quintero Bib. Gregorio Torres Quintero Planta baja 9 LB1065 C6.28 1975 66848 31/12/2020 1 Libro        
    Library of Congress Classification     Colección General Bib. Gregorio Torres Quintero Bib. Gregorio Torres Quintero Planta baja 6 LB1065 C6.28 1975 67159 31/12/2020 1 Libro        
    Library of Congress Classification     Colección General Bib. Gregorio Torres Quintero Bib. Gregorio Torres Quintero Planta baja 12 LB1065 C6.28 1975 67160 31/12/2020 1 Libro        
    Library of Congress Classification     Colección General Bib. Gregorio Torres Quintero Bib. Gregorio Torres Quintero Planta baja 8 LB1065 C6.28 1975 67161 31/12/2020 1 Libro        
    Library of Congress Classification     Colección General Bib. Gregorio Torres Quintero Bib. Gregorio Torres Quintero Planta baja 19 LB1065 C6.28 1975 85520 09/12/2024 1 Libro 13/09/2024 1 14/12/2024 09/12/2024
    Library of Congress Classification     Colección General Bib. Gregorio Torres Quintero Bib. Gregorio Torres Quintero Planta baja 9 LB1065 C6.28 1975 85519 21/11/2024 1 Libro 15/10/2024 1   15/10/2024
    Library of Congress Classification     Colección General Bib. Gregorio Torres Quintero Bib. Gregorio Torres Quintero Planta baja 3 LB1065 C6.28 1975 85518 31/12/2020 1 Libro